National insecurity: How "The family man" champions the carceral security state (Record no. 518927)

000 -LEADER
fixed length control field 00992nam a22001457a 4500
008 - FIXED-LENGTH DATA ELEMENTS--GENERAL INFORMATION
fixed length control field 211227b ||||| |||| 00| 0 eng d
100 ## - MAIN ENTRY--PERSONAL NAME
Personal name Vijayan, Suchitra
245 ## - TITLE STATEMENT
Title National insecurity: How "The family man" champions the carceral security state
260 ## - PUBLICATION, DISTRIBUTION, ETC. (IMPRINT)
Place of publication, distribution, etc The Caravan
300 ## - PHYSICAL DESCRIPTION
Extent July, 2021: p.26-31
520 ## - SUMMARY, ETC.
Summary, etc The second season of The Family Man begins with Srikant Tiwari, a former intelligence officer of TASC—a fictitious intelligence agency akin to the Research & Analysis Wing—working at an IT company. He writes “TPS reports” for an overbearing boss who calls him the “minimum guy.” He has replaced eating vada pav at ungodly hours on the streets with overpriced salads. He drops and picks up his kids from school, pines for his old job and is concerned about the newly-formed government in Pakistan—all the while trying to salvage his crumbling marriage. – Reproduced
773 ## - HOST ITEM ENTRY
Main entry heading The Caravan
906 ## - LOCAL DATA ELEMENT F, LDF (RLIN)
Subject DIP INTERNAL SECURITY
942 ## - ADDED ENTRY ELEMENTS (KOHA)
Item type Articles
Holdings
Withdrawn status Lost status Source of classification or shelving scheme Damaged status Not for loan Permanent location Current location Date acquired Serial Enumeration / chronology Barcode Date last seen Koha item type
          Indian Institute of Public Administration Indian Institute of Public Administration 2021-12-27 July, 2021: p.26-31 AR125971 2021-12-27 Articles

Powered by Koha